[Event "Andorra Open"]
[Site "Escaldes"]
[Date "2019.07.31"]
[Round "5.4"]
[White "Roselli Mailhe, Bernardo"]
[Black "Arizmendi Martinez, Julen Luis"]
[Result "0-1"]
[WhiteElo "2471"]
[BlackElo "2512"]
[PlyCount "86"]
[EventDate "2019.07.??"]
[EventType "swiss"]
[EventRounds "9"]
[EventCountry "AND"]
[WhiteClock "0:36:38"]
[BlackClock "0:30:00"]

1. d4 {[%emt 0:00:02]} d5 {[%emt 0:04:36]} 2. c4 {[%emt 0:00:05]} e6 {[%emt 0:
00:08]} 3. Nc3 {[%emt 0:00:04]} Bb4 {[%emt 0:00:08]} 4. Qa4+ {[%emt 0:00:23]}
Nc6 {[%emt 0:00:09]} 5. e3 {[%emt 0:00:27]} Nf6 {[%emt 0:01:54]} 6. Bd2 {
[%emt 0:01:23]} O-O {[%emt 0:08:15]} 7. Nf3 {[%emt 0:00:29]} dxc4 {[%emt 0:11:
06]} 8. Bxc4 {[%emt 0:00:15]} a6 {[%emt 0:00:09]} 9. a3 {[%emt 0:05:17]} Bd6 {
[%emt 0:08:33]} 10. Qc2 {[%emt 0:00:34]} e5 {[%emt 0:07:09]} 11. d5 {[%emt 0:
05:57]} Ne7 {[%emt 0:00:51]} 12. O-O {[%emt 0:12:04]} b5 {[%emt 0:12:54]} 13.
Ba2 {[%emt 0:04:20]} Bf5 {[%emt 0:00:47]} 14. e4 {[%emt 0:01:31]} Bd7 {[%emt 0:
00:37]} 15. Rac1 {[%emt 0:08:15]} Ng6 {[%emt 0:07:19]} 16. Ne2 {[%emt 0:13:14]}
a5 {[%emt 0:05:54]} 17. Ne1 {[%emt 0:07:26]} Qb8 {[%emt 0:09:32]} 18. Bg5 {
[%emt 0:03:16]} b4 {[%emt 0:07:48]} 19. Bxf6 {[%emt 0:00:35]} gxf6 {[%emt 0:00:
08]} 20. a4 {[%emt 0:00:11]} b3 {[%emt 0:01:50]} 21. Qxb3 {[%emt 0:03:06]} Qxb3
{[%emt 0:00:29]} 22. Bxb3 {[%emt 0:00:05]} Rfb8 {[%emt 0:00:50]} 23. Rc3 {
[%emt 0:00:56]} Rb4 {[%emt 0:01:25]} 24. Ng3 {[%emt 0:05:15]} Nf4 {[%emt 0:06:
05]} 25. Nd3 {[%emt 0:02:54]} Nxd3 {[%emt 0:01:32]} 26. Rxd3 {[%emt 0:00:05]}
Rab8 {[%emt 0:00:29]} 27. Bd1 {[%emt 0:01:12]} Rxb2 {[%emt 0:00:10]} 28. Nh5 {
[%emt 0:04:53]} Be7 {[%emt 0:00:03]} 29. Rc3 {[%emt 0:00:31]} R8b7 {[%emt 0:02:
22]} 30. Bc2 {[%emt 0:07:04]} Kf8 {[%emt 0:00:23]} 31. Rc1 {[%emt 0:01:03]} Bb4
{[%emt 0:01:50]} 32. Rd3 {[%emt 0:04:04]} Ke7 {[%emt 0:00:03]} 33. h3 {[%emt 0:
00:25]} f5 {[%emt 0:01:02]} 34. Rdd1 {[%emt 0:04:11]} Rxc2 {[%emt 0:00:19]} 35.
Rxc2 {[%emt 0:00:07]} Bxa4 {[%emt 0:00:04]} 36. Rdc1 {[%emt 0:00:33]} Bxc2 {
[%emt 0:00:02]} 37. Rxc2 {[%emt 0:00:04]} fxe4 {[%emt 0:00:41]} 38. Ng3 Kd6 {
[%emt 0:00:28]} 39. Nxe4+ {[%emt 0:00:06]} Kxd5 {[%emt 0:00:06]} 40. f3 {
[%emt 0:01:03]} a4 {[%emt 0:01:49]} 41. Kf2 {[%emt 0:01:15]} a3 {[%emt 0:00:30]
} 42. Ke2 {[%emt 0:00:23]} Ra7 {[%emt 0:01:26]} 43. Ra2 {[%emt 0:00:05]} Kc4 {
[%emt 0:00:23]} 0-1

[Event "Andorra Open"]
[Site "Escaldes"]
[Date "2019.07.31"]
[Round "5.6"]
[White "Cuartas, Jaime Alexander"]
[Black "Narciso Dublan, Marc"]
[Result "1/2-1/2"]
[WhiteElo "2542"]
[BlackElo "2489"]
[PlyCount "85"]
[EventDate "2019.07.??"]
[EventType "swiss"]
[EventRounds "9"]
[EventCountry "AND"]
[WhiteClock "1:35:10"]
[BlackClock "0:31:00"]

1. e4 {[%emt 0:00:07]} c6 {[%emt 0:00:11]} 2. d3 {[%emt 0:00:40]} d5 {[%emt 0:
00:11]} 3. Nd2 {[%emt 0:00:04]} e5 {[%emt 0:00:26]} 4. Ngf3 {[%emt 0:00:06]}
Bd6 {[%emt 0:00:13]} 5. d4 {[%emt 0:00:19]} exd4 {[%emt 0:00:23]} 6. exd5 {
[%emt 0:00:07]} Nf6 {[%emt 0:01:06]} 7. dxc6 {[%emt 0:05:16]} Nxc6 {[%emt 0:00:
09]} 8. Nb3 {[%emt 0:00:10]} O-O {[%emt 0:00:43]} 9. Be2 {[%emt 0:00:13]} Re8 {
[%emt 0:19:26]} 10. O-O {[%emt 0:01:18]} Qc7 {[%emt 0:01:21]} 11. h3 {[%emt 0:
00:59]} Be5 {[%emt 0:09:27]} 12. Nxe5 {[%emt 0:04:03]} Qxe5 {[%emt 0:00:29]}
13. Bf3 {[%emt 0:00:59]} Bf5 {[%emt 0:01:05]} 14. Bxc6 {[%emt 0:04:45]} bxc6 {
[%emt 0:00:06]} 15. Qxd4 {[%emt 0:00:17]} Bxc2 {[%emt 0:01:00]} 16. Qxe5 {
[%emt 0:00:40]} Rxe5 {[%emt 0:00:05]} 17. Nd4 {[%emt 0:00:09]} Be4 {[%emt 0:11:
08]} 18. Bf4 {[%emt 0:00:26]} Ree8 {[%emt 0:01:06]} 19. Rfc1 {[%emt 0:02:59]}
Rac8 {[%emt 0:11:42]} 20. b4 {[%emt 0:07:11]} Bd5 {[%emt 0:15:58]} 21. Be3 {
[%emt 0:01:36]} Ne4 {[%emt 0:06:19]} 22. Rc2 {[%emt 0:01:33]} c5 {[%emt 0:07:
48]} 23. bxc5 {[%emt 0:00:10]} Rxc5 {[%emt 0:00:18]} 24. Rxc5 {[%emt 0:00:07]}
Nxc5 {[%emt 0:00:04]} 25. Nb5 {[%emt 0:00:07]} Ne6 {[%emt 0:00:23]} 26. Nxa7 {
[%emt 0:00:39]} f5 {[%emt 0:01:15]} 27. f3 {[%emt 0:01:34]} g5 {[%emt 0:03:07]}
28. a4 {[%emt 0:00:18]} h5 {[%emt 0:01:56]} 29. a5 {[%emt 0:00:30]} f4 {
[%emt 0:02:42]} 30. Bf2 {[%emt 0:00:23]} g4 {[%emt 0:00:29]} 31. hxg4 {[%emt 0:
00:12]} hxg4 {[%emt 0:00:05]} 32. fxg4 {[%emt 0:00:12]} f3 {[%emt 0:00:14]} 33.
gxf3 {[%emt 0:01:19]} Ng5 {[%emt 0:02:45]} 34. Rd1 {[%emt 0:04:59]} Bxf3 {
[%emt 0:01:39]} 35. Re1 {[%emt 0:00:14]} Rxe1+ {[%emt 0:01:21]} 36. Bxe1 {
[%emt 0:00:04]} Bxg4 {[%emt 0:00:08]} 37. Kf2 {[%emt 0:00:04]} Bd7 {[%emt 0:00:
57]} 38. Ke3 {[%emt 0:00:13]} Kf8 {[%emt 0:00:39]} 39. Bh4 {[%emt 0:00:15]} Ne6
{[%emt 0:00:42]} 40. Ke4 {[%emt 0:00:05]} Nc7 {[%emt 0:00:31]} 41. Kd4 {
[%emt 0:00:53]} Nb5+ {[%emt 0:00:45]} 42. Nxb5 {[%emt 0:00:05]} Bxb5 {[%emt 0:
00:03]} 43. Ke4 {[%emt 0:00:17]} 1/2-1/2

[Event "Andorra Open"]
[Site "Escaldes"]
[Date "2019.07.31"]
[Round "5.7"]
[White "Fedorchuk, Sergey A"]
[Black "Vega Gutierrez, Sabrina"]
[Result "1-0"]
[WhiteElo "2633"]
[BlackElo "2385"]
[PlyCount "121"]
[EventDate "2019.07.??"]
[EventType "swiss"]
[EventRounds "9"]
[EventCountry "AND"]
[WhiteClock "0:32:36"]
[BlackClock "0:02:27"]

1. e4 {[%emt 0:03:40]} c5 {[%emt 0:00:15]} 2. Nf3 {[%emt 0:00:12]} Nc6 {
[%emt 0:00:09]} 3. Bb5 {[%emt 0:01:27]} g6 {[%emt 0:00:17]} 4. Bxc6 {[%emt 0:
03:09]} dxc6 {[%emt 0:00:08]} 5. d3 {[%emt 0:00:46]} Bg7 {[%emt 0:00:16]} 6.
Nbd2 {[%emt 0:01:24]} Nf6 {[%emt 0:01:07]} 7. O-O {[%emt 0:00:55]} O-O {
[%emt 0:00:42]} 8. h3 {[%emt 0:00:31]} Nh5 {[%emt 0:05:12]} 9. Nc4 {[%emt 0:11:
55]} b5 {[%emt 0:01:13]} 10. Ne3 {[%emt 0:01:07]} Nf4 {[%emt 0:01:11]} 11. a4 {
[%emt 0:05:12]} Ne6 {[%emt 0:07:37]} 12. c3 {[%emt 0:14:48]} b4 {[%emt 0:11:10]
} 13. Qc2 {[%emt 0:03:01]} bxc3 {[%emt 0:02:22]} 14. bxc3 {[%emt 0:00:09]} Ba6
{[%emt 0:00:03]} 15. Rd1 {[%emt 0:00:40]} Rb8 {[%emt 0:07:02]} 16. a5 {[%emt 0:
10:19]} Nf4 {[%emt 0:05:34]} 17. Nc4 {[%emt 0:00:32]} Qc7 {[%emt 0:13:43]} 18.
Be3 {[%emt 0:12:29]} Rfd8 {[%emt 0:04:18]} 19. Nb2 {[%emt 0:01:59]} Ne6 {
[%emt 0:15:05]} 20. Ra2 {[%emt 0:06:43]} Rb5 {[%emt 0:03:53]} 21. Na4 {[%emt 0:
09:51]} Rxa5 {[%emt 0:05:22]} 22. c4 {[%emt 0:00:08]} Bc8 {[%emt 0:04:53]} 23.
Nd2 {[%emt 0:00:23]} Nd4 {[%emt 0:00:55]} 24. Bxd4 {[%emt 0:01:00]} cxd4 {
[%emt 0:00:03]} 25. Rda1 {[%emt 0:01:06]} Bh6 {[%emt 0:01:52]} 26. Nf3 {
[%emt 0:01:43]} Qf4 {[%emt 0:01:07]} 27. Qe2 {[%emt 0:00:32]} Rd7 {[%emt 0:05:
38]} 28. e5 {[%emt 0:01:44]} c5 {[%emt 0:01:37]} 29. Qe1 {[%emt 0:00:14]} Rxa4
{[%emt 0:01:51]} 30. Rxa4 {[%emt 0:00:05]} a6 {[%emt 0:00:15]} 31. e6 {[%emt 0:
00:36]} Rd6 {[%emt 0:00:43]} 32. exf7+ {[%emt 0:00:19]} Qxf7 {[%emt 0:00:08]}
33. Ra5 {[%emt 0:00:31]} Re6 {[%emt 0:00:55]} 34. Qd1 {[%emt 0:00:38]} Bb7 {
[%emt 0:00:32]} 35. Rxc5 {[%emt 0:00:22]} Bxf3 {[%emt 0:00:19]} 36. Qxf3 {
[%emt 0:00:07]} Qxf3 {[%emt 0:00:03]} 37. gxf3 {[%emt 0:00:05]} Bd2 {[%emt 0:
00:21]} 38. Rb1 {[%emt 0:02:53]} a5 {[%emt 0:00:54]} 39. Rc8+ {[%emt 0:00:23]}
Kf7 {[%emt 0:00:14]} 40. c5 {[%emt 0:00:08]} Bb4 {[%emt 0:01:08]} 41. c6 {
[%emt 0:03:44]} Re5 {[%emt 0:04:51]} 42. Rc1 {[%emt 0:00:46]} Bc3 {[%emt 0:00:
58]} 43. Rd8 {[%emt 0:00:39]} Rc5 {[%emt 0:00:17]} 44. Rxd4 {[%emt 0:00:30]}
Rxc6 {[%emt 0:00:32]} 45. Ra4 {[%emt 0:00:23]} Rc5 {[%emt 0:01:35]} 46. Kf1 {
[%emt 0:00:22]} Bb4 {[%emt 0:09:00]} 47. Rxc5 {[%emt 0:00:24]} Bxc5 {[%emt 0:
00:01]} 48. Rxa5 {[%emt 0:00:10]} Bb6 {[%emt 0:00:12]} 49. Rb5 {[%emt 0:00:06]}
Ba7 {[%emt 0:00:10]} 50. f4 {[%emt 0:00:20]} Kf6 {[%emt 0:01:54]} 51. Kg2 {
[%emt 0:00:27]} h6 {[%emt 0:01:30]} 52. Kf3 {[%emt 0:00:27]} Bd4 {[%emt 0:04:
11]} 53. Rb4 {[%emt 0:00:58]} Bc5 {[%emt 0:06:01]} 54. Rc4 {[%emt 0:00:19]} Ba7
{[%emt 0:00:24]} 55. d4 {[%emt 0:00:44]} Bb8 {[%emt 0:00:34]} 56. Ke4 {[%emt 0:
00:40]} Bd6 {[%emt 0:01:57]} 57. Rc6 {[%emt 0:00:59]} Ke6 {[%emt 0:00:04]} 58.
Ra6 {[%emt 0:00:29]} g5 {[%emt 0:03:34]} 59. fxg5 {[%emt 0:01:19]} hxg5 {
[%emt 0:00:02]} 60. Ra5 {[%emt 0:00:11]} Kf6 {[%emt 0:00:17]} 61. Kf3 {[%emt 0:
00:25]} 1-0

[Event "Andorra Open"]
[Site "Escaldes"]
[Date "2019.07.31"]
[Round "5.8"]
[White "Garcia Martin, Marta"]
[Black "Vavulin, Maxim"]
[Result "1-0"]
[WhiteElo "2335"]
[BlackElo "2561"]
[PlyCount "73"]
[EventDate "2019.07.??"]
[EventType "swiss"]
[EventRounds "9"]
[EventCountry "AND"]
[WhiteClock "0:01:14"]
[BlackClock "0:00:40"]

1. e4 {[%emt 0:00:02]} Nf6 {[%emt 0:00:35]} 2. e5 {[%emt 0:00:17]} Nd5 {
[%emt 0:00:02]} 3. d4 {[%emt 0:00:10]} d6 {[%emt 0:00:10]} 4. Nf3 {[%emt 0:00:
53]} Bg4 {[%emt 0:01:49]} 5. Be2 {[%emt 0:00:38]} e6 {[%emt 0:00:38]} 6. h3 {
[%emt 0:02:08]} Bh5 {[%emt 0:01:07]} 7. c4 {[%emt 0:01:28]} Nb6 {[%emt 0:00:27]
} 8. exd6 {[%emt 0:00:23]} cxd6 {[%emt 0:00:11]} 9. Nc3 {[%emt 0:01:34]} Be7 {
[%emt 0:01:23]} 10. d5 {[%emt 0:01:32]} e5 {[%emt 0:00:47]} 11. g4 {[%emt 0:02:
25]} Bg6 {[%emt 0:00:11]} 12. h4 {[%emt 0:00:10]} h6 {[%emt 0:07:10]} 13. h5 {
[%emt 0:01:21]} Bh7 {[%emt 0:00:07]} 14. Rg1 {[%emt 0:00:33]} Na6 {[%emt 0:18:
41]} 15. g5 {[%emt 0:13:01]} e4 {[%emt 0:07:09]} 16. gxh6 {[%emt 0:03:09]} gxh6
{[%emt 0:00:53]} 17. Nxe4 {[%emt 0:35:32]} Nb4 {[%emt 0:02:55]} 18. Bd2 {
[%emt 0:04:05]} Bxe4 {[%emt 0:05:21]} 19. Bxb4 {[%emt 0:00:05]} Bxf3 {[%emt 0:
00:28]} 20. Bxf3 {[%emt 0:04:22]} Nxc4 {[%emt 0:01:01]} 21. Bc3 {[%emt 0:02:45]
} Ne5 {[%emt 0:00:39]} 22. Be2 {[%emt 0:01:50]} Bf6 {[%emt 0:03:49]} 23. Qa4+ {
[%emt 0:03:16]} Kf8 {[%emt 0:01:16]} 24. O-O-O {[%emt 0:06:59]} a6 {[%emt 0:13:
26]} 25. Kb1 {[%emt 0:00:55]} Rc8 {[%emt 0:04:00]} 26. Rg3 {[%emt 0:03:51]} Rg8
{[%emt 0:14:31]} 27. Rxg8+ {[%emt 0:01:53]} Kxg8 {[%emt 0:00:01]} 28. Rg1+ {
[%emt 0:00:09]} Kf8 {[%emt 0:00:49]} 29. Bd2 {[%emt 0:03:07]} Bg7 {[%emt 0:01:
13]} 30. Qf4 {[%emt 0:01:49]} Rc5 {[%emt 0:10:52]} 31. Be3 {[%emt 0:01:02]} Rc8
{[%emt 0:03:19]} 32. Qf5 {[%emt 0:03:39]} Qd7 {[%emt 0:00:57]} 33. Qh7 {
[%emt 0:00:16]} Bf6 {[%emt 0:00:16]} 34. Bxh6+ {[%emt 0:00:57]} Ke7 35. Qe4 {
[%emt 0:00:37]} Rh8 {[%emt 0:01:08]} 36. Be3 {[%emt 0:00:30]} Kf8 {[%emt 0:00:
34]} 37. f4 {[%emt 0:00:20]} 1-0

[Event "Andorra Open"]
[Site "Escaldes"]
[Date "2019.07.31"]
[Round "5.9"]
[White "Gomez Anadon, Daniel"]
[Black "Kharitonov, Alexandr"]
[Result "1/2-1/2"]
[WhiteElo "2305"]
[BlackElo "2540"]
[PlyCount "22"]
[EventDate "2019.07.??"]
[EventType "swiss"]
[EventRounds "9"]
[EventCountry "AND"]

1. e4 e6 2. d3 d5 3. Nd2 Nf6 4. Ngf3 Nc6 5. c3 e5 6. Be2 a5 7. O-O Be7 8. Qc2
O-O 9. Re1 Re8 10. Bf1 Bf8 11. b3 h6 1/2-1/2

[Event "Andorra Open"]
[Site "Escaldes"]
[Date "2019.07.31"]
[Round "5.10"]
[White "Rychagov, Andrey"]
[Black "Berkovich, Mark A"]
[Result "1-0"]
[WhiteElo "2537"]
[BlackElo "2338"]
[PlyCount "45"]
[EventDate "2019.07.??"]
[EventType "swiss"]
[EventRounds "9"]
[EventCountry "AND"]

1. d4 Nf6 2. c4 e6 3. Nf3 b6 4. Bf4 Bb7 5. e3 Be7 6. Nc3 Nh5 7. Bd3 Nxf4 8.
exf4 Bxf3 9. Qxf3 Nc6 10. d5 Nd4 11. Qe4 Bc5 12. dxe6 dxe6 13. O-O-O f5 14. Qe5
Qd6 15. Qxd6 cxd6 16. Rd2 Kf7 17. Rhd1 Rhd8 18. Bb1 e5 19. fxe5 dxe5 20. Bxf5
Rab8 21. Be4 Rbc8 22. f4 Ne6 23. Rd7+ 1-0

[Event "Andorra Open"]
[Site "Escaldes"]
[Date "2019.07.31"]
[Round "5.11"]
[White "Stella, Andrea"]
[Black "Morros Faura, Ricard"]
[Result "1/2-1/2"]
[WhiteElo "2511"]
[BlackElo "2258"]
[PlyCount "88"]
[EventDate "2019.07.??"]
[EventType "swiss"]
[EventRounds "9"]
[EventCountry "AND"]

1. d4 Nf6 2. c4 e6 3. Nc3 Bb4 4. Qc2 Nc6 5. Nf3 d6 6. Bd2 O-O 7. a3 Bxc3 8.
Bxc3 Re8 9. Rd1 Qe7 10. e3 e5 11. d5 Nb8 12. Nd2 a5 13. Bd3 a4 14. O-O Nbd7 15.
Rde1 Nc5 16. f4 e4 17. Be2 Ng4 18. Bd4 Qh4 19. Bxg4 Bxg4 20. Qc3 Nd3 21. Bxg7
Nxe1 22. Bf6 Qh5 23. Rxe1 c6 24. Nf1 cxd5 25. Ng3 Qh6 26. h3 Bd7 27. Rd1 d4 28.
Qxd4 Qg6 29. Kh2 h6 30. Rf1 Bf5 31. Bh4 Ra6 32. Qd5 Be6 33. Qxb7 Ra5 34. Qb6
Rc5 35. Qxd6 Rec8 36. Rf2 f5 37. Nh5 Qxh5 38. Qxe6+ Qf7 39. Qxh6 R5c6 40. Qg5+
Rg6 41. Qe7 Qxe7 42. Bxe7 Rxc4 43. Rd2 Kf7 44. Bg5 Rgc6 1/2-1/2

[Event "Andorra Open"]
[Site "Escaldes"]
[Date "2019.07.31"]
[Round "5.12"]
[White "Riff, Jean-Noel"]
[Black "Palacios Herrero, Pablo"]
[Result "1-0"]
[WhiteElo "2495"]
[BlackElo "2248"]
[PlyCount "55"]
[EventDate "2019.07.??"]
[EventType "swiss"]
[EventRounds "9"]
[EventCountry "AND"]

1. e4 e6 2. d4 d5 3. Nc3 Nf6 4. e5 Nfd7 5. f4 c5 6. Nce2 Nc6 7. Nf3 Be7 8. c3
b6 9. g3 Ba6 10. Bg2 Rc8 11. O-O Na5 12. Rf2 Qc7 13. f5 Bxe2 14. Qxe2 exf5 15.
e6 fxe6 16. Qxe6 Qd6 17. Qxf5 g6 18. Qg4 O-O 19. Bf4 Qc6 20. Bh3 Rf5 21. Nh4
Bxh4 22. Qxh4 Rf7 23. Re1 Nf8 24. Bxc8 Qxc8 25. Re7 Rxe7 26. Qxe7 Nc6 27. Qf6
Qe6 28. Bh6 1-0

[Event "Andorra Open"]
[Site "Escaldes"]
[Date "2019.07.31"]
[Round "5.13"]
[White "Ochsner, Bjorn Moller"]
[Black "Romero Pallares, Daniel"]
[Result "1-0"]
[WhiteElo "2483"]
[BlackElo "2230"]
[PlyCount "107"]
[EventDate "2019.07.??"]
[EventType "swiss"]
[EventRounds "9"]
[EventCountry "AND"]

1. e4 c5 2. Nf3 g6 3. c4 Nc6 4. d4 cxd4 5. Nxd4 Bg7 6. Be3 Nf6 7. Nc3 Ng4 8.
Qxg4 Nxd4 9. Qd1 e5 10. Bd3 d6 11. O-O O-O 12. Ne2 Nxe2+ 13. Qxe2 Be6 14. Rfd1
Qe7 15. Rac1 Rfd8 16. Rc3 f5 17. f3 f4 18. Bf2 g5 19. Bc2 h5 20. c5 dxc5 21.
Bxc5 Rxd1+ 22. Qxd1 Qf7 23. Bb3 Bxb3 24. axb3 Bf6 25. Rd3 Qc7 26. b4 Rd8 27.
Rxd8+ Qxd8 28. Qd5+ Qxd5 29. exd5 b6 30. Bd6 b5 31. Kf1 Kf7 32. Ke2 Kg6 33. Kd3
Kf5 34. h3 a6 35. Bf8 Bd8 36. d6 Ke6 37. Ke4 Bb6 38. d7 Bc7 39. Bg7 Kxd7 40.
Bxe5 Bd8 41. Kf5 Be7 42. Bc3 h4 43. b3 Kc6 44. Ke6 Bd8 45. Bf6 Bc7 46. Bxg5 Bd6
47. Bxh4 Bxb4 48. Bf6 Bf8 49. h4 a5 50. h5 a4 51. bxa4 bxa4 52. Kf7 Bh6 53. Kg6
Bf8 54. h6 1-0

[Event "Andorra Open"]
[Site "Escaldes"]
[Date "2019.07.31"]
[Round "5.14"]
[White "Fernandez De Bobadilla, Gabriel"]
[Black "Kirk, Ezra"]
[Result "0-1"]
[WhiteElo "2231"]
[BlackElo "2420"]
[PlyCount "100"]
[EventDate "2019.07.??"]
[EventType "swiss"]
[EventRounds "9"]
[EventCountry "AND"]

1. d4 Nf6 2. c4 e6 3. Nc3 Bb4 4. e3 O-O 5. Nge2 c6 6. a3 Ba5 7. b4 Bc7 8. e4 d5
9. Bg5 h6 10. Bxf6 Qxf6 11. e5 Qe7 12. Nf4 dxc4 13. Bxc4 Rd8 14. Bd3 a5 15. Rb1
axb4 16. axb4 Na6 17. Na2 Nxb4 18. Nxb4 Ba5 19. O-O Bxb4 20. h4 c5 21. dxc5
Bxc5 22. Qg4 Ra4 23. Rb3 Rdd4 24. g3 b6 25. Bb5 Ra2 26. Rd3 Rxd3 27. Bxd3 Qc7
28. Qd1 Ra3 29. Qe2 Bb7 30. Kh2 Bd4 31. Re1 Qc6 32. Bb1 Rf3 33. Be4 Qxe4 34.
Qxe4 Bxe4 35. Rxe4 Rxf2+ 36. Kh3 Rd2 37. Ne2 Bc5 38. Kg2 Kf8 39. h5 b5 40. Kf3
Rc2 41. Nd4 Rc3+ 42. Kf4 Bxd4 43. Rxd4 Rc4 44. Rxc4 bxc4 45. Ke4 Ke7 46. Kd4 f6
47. Kxc4 fxe5 48. Kd3 Kf6 49. Ke4 Kg5 50. Kxe5 Kxh5 0-1

[Event "Andorra Open"]
[Site "Escaldes"]
[Date "2019.07.31"]
[Round "5.15"]
[White "Laliena Solanes, Luis"]
[Black "Hansen, Mads"]
[Result "1/2-1/2"]
[WhiteElo "2175"]
[BlackElo "2406"]
[PlyCount "82"]
[EventDate "2019.07.??"]
[EventType "swiss"]
[EventRounds "9"]
[EventCountry "AND"]

1. e4 c5 2. b3 a6 3. Bb2 b5 4. g3 Bb7 5. Bg2 Nf6 6. Qe2 e6 7. d3 d5 8. exd5
Bxd5 9. Nf3 Be7 10. O-O O-O 11. Nc3 Bb7 12. Ne5 Bxg2 13. Kxg2 Nfd7 14. Qe4 Ra7
15. f4 Rc7 16. a4 Nxe5 17. fxe5 Qd7 18. axb5 axb5 19. Rf2 c4 20. bxc4 bxc4 21.
d4 Bb4 22. Rd1 Rd8 23. d5 Bxc3 24. Bxc3 exd5 25. Qf3 Nc6 26. Rfd2 Qe6 27. Rxd5
Rcd7 28. Rxd7 Rxd7 29. Rd6 Rxd6 30. exd6 Qxd6 31. Qg4 Qd5+ 32. Kg1 f6 33. Bxf6
g6 34. Bc3 Ne7 35. Qd4 Qxd4+ 36. Bxd4 Kf7 37. Kf2 Ke6 38. Ke3 Kd5 39. Bf6 Nf5+
40. Kf4 Nd4 41. c3 Ne6+ 1/2-1/2

[Event "Andorra Open"]
[Site "Escaldes"]
[Date "2019.07.31"]
[Round "5.16"]
[White "Suarez Uriel, Adrian"]
[Black "Sanchez Dengra, Jose Maria"]
[Result "1-0"]
[WhiteElo "2392"]
[BlackElo "2216"]
[PlyCount "163"]
[EventDate "2019.07.??"]
[EventType "swiss"]
[EventRounds "9"]
[EventCountry "AND"]

1. e4 c5 2. Nf3 Nc6 3. d4 cxd4 4. Nxd4 e6 5. Nc3 d6 6. Be3 Nf6 7. f4 Be7 8. Qf3
Bd7 9. O-O-O Qc7 10. g4 Nxd4 11. Bxd4 e5 12. fxe5 dxe5 13. Qg3 Bd6 14. Nb5 Bxb5
15. Bxb5+ Ke7 16. Rhe1 Rhc8 17. Bc3 a6 18. Rxd6 Qxd6 19. Bxe5 Qc5 20. Ba4 b5
21. Bb3 Nd7 22. Bf4 g5 23. Be3 Qe5 24. Qf2 f6 25. Bd5 Rab8 26. Ba7 Rh8 27. Bxb8
Rxb8 28. Kb1 Rh8 29. Rd1 Qf4 30. Qg1 Rd8 31. a3 Qc7 32. Qg2 Nb6 33. Rf1 Qe5 34.
Qh3 Nxd5 35. Qxh7+ Ke6 36. exd5+ Rxd5 37. h4 Qe2 38. Qg8+ Ke7 39. Qg7+ Ke8 40.
Qxf6 Rd1+ 41. Rxd1 Qxd1+ 42. Ka2 gxh4 43. Qxh4 Qxc2 44. Qh5+ Ke7 45. Qe5+ Kd8
46. Qd6+ Ke8 47. Qe6+ Kd8 48. g5 b4 49. Qd6+ Ke8 50. Qxb4 Qf5 51. Qb8+ Kf7 52.
Qb7+ Kf8 53. Qg2 Kg7 54. Qb7+ Kf8 55. Qb4+ Kg7 56. Qe7+ Kg8 57. a4 Qd5+ 58. Ka3
Qc4 59. Qb4 Qf1 60. Qb3+ Kh7 61. Qc2+ Kg7 62. Qc3+ Kh7 63. b3 Qf8+ 64. Qb4 Qf1
65. Qe4+ Kg7 66. Qd4+ Kh7 67. Qe4+ Kg7 68. Qc4 Qf8+ 69. b4 Qd6 70. Qc3+ Kh7 71.
Kb2 Kg8 72. b5 axb5 73. axb5 Qb6 74. Qc4+ Kg7 75. Kb3 Qg1 76. Qd5 Qe3+ 77. Kb4
Qa7 78. Qe5+ Kg8 79. Qe6+ Kh8 80. b6 Qb7 81. g6 Qf3 82. Qe8+ 1-0

[Event "Andorra Open"]
[Site "Escaldes"]
[Date "2019.07.31"]
[Round "5.17"]
[White "Maddens, Martijn"]
[Black "Mosquera, Miguel"]
[Result "1/2-1/2"]
[WhiteElo "2148"]
[BlackElo "2385"]
[PlyCount "45"]
[EventDate "2019.07.??"]
[EventType "swiss"]
[EventRounds "9"]
[EventCountry "AND"]

1. e4 d5 2. exd5 Qxd5 3. Nf3 Bg4 4. Be2 Nc6 5. d4 O-O-O 6. c4 Qf5 7. Be3 Bxf3
8. Bxf3 Nxd4 9. Bxd4 Qe6+ 10. Be2 c5 11. O-O cxd4 12. Na3 Nf6 13. Bf3 d3 14. c5
Qa6 15. c6 e5 16. Rc1 Bxa3 17. bxa3 e4 18. Bxe4 Nxe4 19. Qg4+ Kc7 20. cxb7+ Kb8
21. Qxe4 Rd6 22. Rfd1 Rhd8 23. g3 1/2-1/2

[Event "Andorra Open"]
[Site "Escaldes"]
[Date "2019.07.31"]
[Round "5.18"]
[White "Martinez Lopez, Ivan"]
[Black "Henderson De La Fuente, Lance"]
[Result "0-1"]
[WhiteElo "2174"]
[BlackElo "2471"]
[PlyCount "112"]
[EventDate "2019.07.??"]
[EventType "swiss"]
[EventRounds "9"]
[EventCountry "AND"]

1. Nf3 c5 2. c4 Nc6 3. Nc3 e5 4. g3 g6 5. Bg2 Bg7 6. O-O Nge7 7. Ne1 O-O 8. Nc2
d6 9. Ne3 Be6 10. Ned5 Qd7 11. d3 Bh3 12. Bh6 Bxg2 13. Kxg2 Nxd5 14. Nxd5 f5
15. Bxg7 Kxg7 16. e3 Ne7 17. Qf3 Nxd5 18. Qxd5 f4 19. exf4 exf4 20. Rfe1 Rf6
21. f3 fxg3 22. hxg3 Raf8 23. f4 R8f7 24. Re2 Qg4 25. Re4 h5 26. Rh1 Rxf4 27.
Qxf7+ Rxf7 28. Rxg4 hxg4 29. Rd1 d5 30. d4 cxd4 31. Rxd4 dxc4 32. Rxc4 Rd7 33.
Kf1 Kf6 34. Rxg4 Rd2 35. Rb4 b6 36. a4 Ke5 37. a5 bxa5 38. Rb7 a6 39. Rb6 Rd6
40. Rb8 Kd4 41. Ke2 Kc4 42. g4 g5 43. Ke3 Rd5 44. Rb6 Rb5 45. Rxa6 Kb3 46. Rf6
Kxb2 47. Rf5 Rb3+ 48. Ke4 a4 49. Ra5 a3 50. Kf5 a2 51. Rxa2+ Kxa2 52. Kxg5 Ka3
53. Kg6 Kb4 54. g5 Kc5 55. Kf7 Rf3+ 56. Ke6 Rg3 0-1

[Event "Andorra Open"]
[Site "Escaldes"]
[Date "2019.07.31"]
[Round "5.19"]
[White "Orteu Capdevila, Max"]
[Black "Fluvia Poyatos, Jordi"]
[Result "0-1"]
[WhiteElo "2173"]
[BlackElo "2455"]
[PlyCount "96"]
[EventDate "2019.07.??"]
[EventType "swiss"]
[EventRounds "9"]
[EventCountry "AND"]

1. c4 Nf6 2. g3 g6 3. Bg2 Bg7 4. Nc3 e5 5. d3 h6 6. e3 O-O 7. Nge2 Re8 8. O-O
c6 9. Qa4 Na6 10. b4 d5 11. cxd5 cxd5 12. d4 e4 13. Qb3 Bg4 14. Nf4 Nc7 15. h3
Bd7 16. f3 exf3 17. Rxf3 g5 18. Nd3 Nb5 19. a4 Nxc3 20. Qxc3 Rc8 21. Qb3 b6 22.
Ne5 Be6 23. Bd2 Ne4 24. Qd3 f6 25. Ng4 Bxg4 26. hxg4 Qd7 27. Rf5 h5 28. Bf3 Qd6
29. Bxe4 Rxe4 30. Be1 Rxg4 31. Qb3 Rc4 32. Rf3 Qe6 33. Qd3 Re4 34. a5 b5 35.
Bd2 Qh3 36. Qf1 Qg4 37. a6 Kf7 38. Ra5 Qd7 39. Rf5 Kg6 40. Rf3 f5 41. Kg2 Bf6
42. Rf2 Bd8 43. Ra3 Bc7 44. Be1 Rg4 45. Rf3 Qe6 46. Rc3 h4 47. Rxc4 dxc4 48.
Qe2 Qe4 0-1

[Event "Andorra Open"]
[Site "Escaldes"]
[Date "2019.07.31"]
[Round "5.20"]
[White "Roberson, Peter T"]
[Black "Garcia Paolicchi, Raul"]
[Result "1-0"]
[WhiteElo "2429"]
[BlackElo "2123"]
[PlyCount "129"]
[EventDate "2019.07.??"]
[EventType "swiss"]
[EventRounds "9"]
[EventCountry "AND"]

1. e4 c5 2. c3 d5 3. exd5 Qxd5 4. d4 g6 5. dxc5 Qxd1+ 6. Kxd1 Bg7 7. Nd2 Nf6 8.
Ngf3 O-O 9. Bc4 Nc6 10. Ke2 Na5 11. Bd3 Nd7 12. Bc2 Rd8 13. Nb3 Nxb3 14. axb3
Nxc5 15. Be3 b6 16. Rhd1 Ba6+ 17. Ke1 Rxd1+ 18. Rxd1 Bb7 19. b4 Ne6 20. Bb3 Nf8
21. Ke2 Bc6 22. Ke1 Bb7 23. b5 Bxf3 24. gxf3 Rc8 25. Bd5 Be5 26. f4 Bd6 27. Ke2
Nd7 28. Kf3 Nf6 29. Bc6 Nh5 30. c4 Ng7 31. b4 Ne6 32. c5 bxc5 33. Bd7 Rc7 34.
Bxe6 fxe6 35. bxc5 Rxc5 36. Bxc5 Bxc5 37. Rd2 Kf7 38. Ke4 Kf6 39. Re2 Bb6 40.
Rc2 Ba5 41. Rc8 Bb6 42. Kf3 Bd4 43. Rc1 Bb6 44. Rg1 Bc5 45. Rg3 Bb6 46. Rh3 h5
47. Rg3 Bc5 48. Rg2 Bb6 49. Ke4 Bc5 50. Kf3 Bb6 51. Rg1 Bc5 52. Rc1 Bb6 53. Rc2
Ba5 54. Re2 Bb6 55. Ke4 Bc5 56. Rb2 Bb6 57. Rc2 Ba5 58. Rc6 Bb6 59. Rxb6 axb6
60. h4 e5 61. fxe5+ Ke6 62. f4 Kd7 63. f5 gxf5+ 64. Kxf5 Ke8 65. Kg6 1-0